Mass communication theory : Foundation, ferment, and future

Contents of the book includes: Introduction to mass communication theory, the Era of mass commuincaton and mass culture, the rise and fall of limited effects, contemporary mass communication theory.

שמור ב:
מידע ביבליוגרפי
מחבר ראשי: Baran, Stanley J.
פורמט: ספר
שפה:Undetermined
יצא לאור: Belmont, CA Thomson/Wadsworth 2006
נושאים:
תגים: הוספת תג
אין תגיות, היה/י הראשונ/ה לתייג את הרשומה!
Thư viện lưu trữ: Trung tâm Học liệu Trường Đại học Cần Thơ
LEADER 00808nam a2200229Ia 4500
001 CTU_123665
008 210402s9999 xx 000 0 und d
020 |c 1464000 
082 |a 302.2301 
082 |b B225 
100 |a Baran, Stanley J. 
245 0 |a Mass communication theory : 
245 0 |b Foundation, ferment, and future 
245 0 |c Stanley J. Baran and Dennis K. Davis 
260 |a Belmont, CA 
260 |b Thomson/Wadsworth 
260 |c 2006 
520 |a Contents of the book includes: Introduction to mass communication theory, the Era of mass commuincaton and mass culture, the rise and fall of limited effects, contemporary mass communication theory. 
650 |a Mass media 
650 |x Philosophy. 
904 |i Minh 
980 |a Trung tâm Học liệu Trường Đại học Cần Thơ